|
|
|
|
| LEADER |
00000cam a22000002ca4500 |
| 001 |
1094473197 |
| 003 |
DE-627 |
| 005 |
20220514141915.0 |
| 007 |
tu |
| 008 |
910613n19uuuuuuxx ||||| 00| ||spa c |
| 035 |
|
|
|a (DE-627)1094473197
|
| 035 |
|
|
|a (DE-576)024473197
|
| 035 |
|
|
|a (DE-599)BSZ024473197
|
| 040 |
|
|
|a DE-627
|b ger
|c DE-627
|e rakwb
|
| 041 |
|
|
|a spa
|
| 100 |
1 |
|
|a Marcó del Pont, Luis
|0 (DE-627)1234902419
|0 (DE-576)164902414
|4 aut
|
| 109 |
|
|
|a Marcó del Pont, Luis
|a Pont, Luis M. del
|a Pont, Luis Marcó del
|a Marcó del Pont K., Luis
|
| 190 |
|
|
|j 1974
|
| 245 |
1 |
0 |
|a Penología y sistemas carcelarios
|c Luis Marcó del Pont
|
| 264 |
|
1 |
|a Buenos Aires
|b Depalma
|c 19XX-
|
| 336 |
|
|
|a Text
|b txt
|2 rdacontent
|
| 337 |
|
|
|a ohne Hilfsmittel zu benutzen
|b n
|2 rdamedia
|
| 338 |
|
|
|a Band
|b nc
|2 rdacarrier
|
| 951 |
|
|
|a MC
|
| ELC |
|
|
|b 1
|
| LOK |
|
|
|0 000 xxxxxcx a22 zn 4500
|
| LOK |
|
|
|0 001 216596119X
|
| LOK |
|
|
|0 003 DE-627
|
| LOK |
|
|
|0 004 1094473197
|
| LOK |
|
|
|0 005 20020606000000
|
| LOK |
|
|
|0 008 910613||||||||||||||||ger|||||||
|
| LOK |
|
|
|0 040
|a DE-21
|c DE-627
|d DE-21
|
| LOK |
|
|
|0 852
|a DE-21
|
| LOK |
|
|
|0 852 1
|c KB 5 A 358
|9 00
|
| LOK |
|
|
|0 935
|a krim
|
| LOK |
|
|
|0 936ln
|a k12.1
|
| LOK |
|
|
|0 939
|a 13-06-91
|b l01
|
| ORI |
|
|
|a SA-MARC-krimdoka001.raw
|
| SIG |
|
|
|a UB: KB 5 A 358
|
| SPR |
|
|
|a 1
|t KRI
|